Burmistrzowie Lubartowa (III RP) - Statystyki

Ogólne statystyki
  • Ten quiz został rozwiązany 23 razy
  • Średni wynik to 2 z 5
Statystyki odpowiedzi
Hint Odpowiedź % Poprawnych
od 2018 Krzysztof Mariusz Paśnik
100%
2010-2018 Janusz Bodziacki
47%
1998-2010 Jerzy Zwoliński
18%
1990-1994 Grzegorz Charliński
6%
1994-1998 Jacek Krzysztof Świętoński
6%
Nie znaleziono quizów pasujących do podanych kryteriów
Rozkład punktacji
Procent ludzi z każdym wynikiem
Percentyl według liczby udzielonych odpowiedzi
Twoja historia wyników
Nie rozwiązałeś tego quizu